000 00725naa a2200205 4500
001 182844
003 ES-MaBCM
005 20260407062542.0
008 110218s2010 gbr|r0p 0 ||eng d
021 _axx
035 _a(OCoLC)1365166003
040 _cES-MaBCM
100 1 _aBächtiger, André
_992185
245 0 0 _aWhen deliberative theory meets empirical political science
_b: theoretical and methodological challenges in political deliberation
_cAndré Bächtiger and Dominik Hangartner
520 3 _aContiene bibliografía
650 2 7 _aCiencia política
_957903
700 1 _aHangartner, Dominik
_992186
773 0 _aEn:
_tPolitical studies
_dOxford
_w104492
_gVol.58, n.4 (Oct. 2010), p. 609-629
942 _cAREV
999 _c182844
_d182844